000 00329nam a22001337a 4500
999 _c2610
_d2610
020 _a978-0132544580
082 _a658.32
100 _aNaharaudi Afsueh
245 _aLeadership, The Art and Science
_bLeadership, The Art and Science
260 _aUSA
_bPearson
_c2016
300 _a430.p
650 _aManagement
942 _cBK